NHL players with 60 Assist seasons since 2000 - Statistics

General Stats
  • This quiz has been taken 252 times
    192 since last reset
  • The average score is 27 of 40
Answer Stats
Player Number Highest Country Team(s) % Correct
Sidney Crosby 6 84 Canada Pittsburgh Penguins
100%
Connor McDavid 4 75 Canada Edmonton Oilers
99%
Daniel Sedin 1 63 Sweden Vancouver Canucks
94%
Henrik Sedin 6 83 Sweden Vancouver Canucks
94%
Joe Thornton 8 96 Canada Boston Bruins/San Jose Sharks
94%
Nicklas Backstrom 5 68 Sweden Washington Capitals
92%
Evgeni Malkin 1 78 Russia Pittsburgh Penguins
91%
Jaromir Jagr 3 69 Czech Republic Pittsburgh Penguins/New York Rangers
91%
Nikita Kucherov 2 87 Russia Tampa Bay Lightning
90%
Claude Giroux 3 68 Canada Philadelphia Flyers
89%
Patrick Kane 2 66 USA Chicago Blackhawks
88%
Leon Draisaitl 1 67 Germany Edmonton Oilers
83%
Blake Wheeler 2 71 USA Winnipeg Jets
78%
Pavel Datsyuk 3 66 Russia Detroit Red Wings
78%
Joe Sakic 2 64 Canada Colorado Avalanche
77%
Peter Forsberg 2 77 Sweden Colorado Avalanche
77%
Brad Marchand 1 64 Canada Boston Bruins
76%
Martin St. Louis 2 68 Canada Tampa Bay Lightning
76%
Nicklas Lidstrom 2 64 Sweden Detroit Red Wings
74%
Erik Karlsson 1 66 Sweden Ottawan Senators
72%
Ryan Getzlaf 1 66 Canada Anaheim Ducks
71%
Mitchell Marner 1 68 Canada Toronto Maple Leafs
68%
Aleksander Barkov 1 61 Finland Florida Panthers
67%
Daniel Alfredsson 1 60 Sweden Ottawa Senators
66%
Johnny Gaudreau 2 63 USA Calgary Flames
65%
Artemi Panarin 1 63 Russia New York Rangers
62%
Jonathan Huberdeau 1 62 Canada Florida Panthers
61%
Brent Burns 1 67 Canada San Jose Sharks
57%
John Carlson 1 60 USA Washington Capitals
50%
Jakub Voracek 1 65 Czech Republic Philadelphia Flyers
49%
Mathew Barzal 1 63 Canada New York Islanders
49%
Jason Spezza 1 71 Canada Ottawa Senators
48%
Mario Lemieux 1 63 Canada Pittsburgh Penguins
46%
Brad Richards 2 68 Canada Tampa Bay Lightning/Dallas Stars
38%
Marc Savard 4 74 Canada Atlanta Thrashers/Boston Bruins
36%
Adam Oates 2 69 Canada Washington Capitals/Philadelphia Flyers
33%
Mark Recchi 1 63 Canada Philadelphia Flyers
26%
Daniel Briere 1 63 Canada Buffalo Sabres
20%
Doug Weight 1 65 USA Edmonton Oilers
18%
Martin Straka 1 68 Czech Republic Pittsburgh Penguins
18%
No matching quizzes found
Score Distribution
Percent of People with Each Score
Percentile by Number Answered
Your Score History
You have not taken this quiz since the last reset